Fī al-mūsīqā al-Sūrīyah (Record no. 50808)
[ view plain ]
| 000 -LEADER | |
|---|---|
| fixed length control field | 00689cam a22002291 4500 |
| 001 - CONTROL NUMBER | |
| control field | ne 68003645 |
| 003 - CONTROL NUMBER IDENTIFIER | |
| control field | DLC |
| 005 - DATE AND TIME OF LATEST TRANSACTION | |
| control field | 20260227111847.0 |
| 008 - FIXED-LENGTH DATA ELEMENTS--GENERAL INFORMATION | |
| fixed length control field | 820630q19501959sy abh b 000 0 arar |
| 010 ## - LIBRARY OF CONGRESS CONTROL NUMBER | |
| LC control number | ne 68003645 |
| 035 ## - SYSTEM CONTROL NUMBER | |
| System control number | (OCoLC)8563408 |
| 040 ## - CATALOGING SOURCE | |
| Original cataloging agency | DLC |
| Transcribing agency | TU |
| Modifying agency | TU |
| -- | DLC |
| 042 ## - AUTHENTICATION CODE | |
| Authentication code | premarc |
| 050 00 - LIBRARY OF CONGRESS CALL NUMBER | |
| Classification number | ML345.S97 |
| Item number | H3 |
| 100 1# - MAIN ENTRY--PERSONAL NAME | |
| Personal name | Ḥaddād, Ḥusnī. |
| 245 10 - TITLE STATEMENT | |
| Title | Fī al-mūsīqā al-Sūrīyah |
| Statement of responsibility, etc. | [taʼlīf] Ḥusnī Ḥaddād. |
| 250 ## - EDITION STATEMENT | |
| Edition statement | al-Ṭabʻah 1. |
| 260 ## - PUBLICATION, DISTRIBUTION, ETC. | |
| Place of publication, distribution, etc. | [Dimashq] |
| Name of publisher, distributor, etc. | al-Jīl al-Jadīd |
| Date of publication, distribution, etc. | [195-?] |
| 300 ## - PHYSICAL DESCRIPTION | |
| Extent | 4, 249, [7] p. |
| Other physical details | illus., facsims., maps. |
| Dimensions | 22 cm. |
| 504 ## - BIBLIOGRAPHY, ETC. NOTE | |
| Bibliography, etc. note | Bibliography: p. [251]-[252]. |
| 650 #0 - SUBJECT ADDED ENTRY--TOPICAL TERM | |
| Topical term or geographic name entry element | Music |
| Geographic subdivision | Syria |
| General subdivision | History and criticism. |
No items available.